[Event "BL 2017-18"]
[Site "Germany"]
[Date "2018.05.01"]
[Round "15.9"]
[White "Krause, Benedict"]
[Black "Zysk, Robert"]
[Result "1-0"]
[WhiteElo "2448"]
[BlackElo "2416"]
[Annotator "TA"]
[PlyCount "93"]
[EventDate "2018.05.24"]
[EventType "team-tourn"]
[EventCountry "GER"]
[SourceTitle "playchess.com"]
[Source "ChessBase"]
[SourceQuality "1"]
[WhiteTeam "Norderstedt"]
[BlackTeam "Zugzwang Muenchen"]

{[%evp 17,93,0,8,1,1,6,13,8,8,20,23,23,24,20,27,14,24,21,27,7,17,15,28,15,45,41,69,66,61,57,57,38,72,72,72,69,74,74,133,55,106,92,88,78,74,66,112,104,142,98,87,40,425,432,424,397,410,399,404,404,393,379,372,356,433,416,1398,694,3984,1706,1522,1435,4159,4159,1641,1498,5713,6057]} 1. e4 e6 2. d4 d5 3. Nc3 Nf6 4. e5 Nfd7 5. f4 c5 6. Nf3 Nc6 7. Be3 a6 8. Qd2 b5 9. dxc5 Bxc5 10. Bd3 {C11: French: Classical System: 4 e5 and 4 Bg5 dxe4} (10. Ne2 O-O 11. Ned4 Qb6 12. c3 b4 13. Bd3 a5 14. O-O Ba6 15. Kh1 Bxd3 16. Qxd3 Qa6 17. Qc2 bxc3 18. bxc3 {½-½ (31) Dominguez Perez,L (2739)-So,W (2788) Saint Louis 2017}) 10... Qb6 11. Bf2 Bxf2+ 12. Qxf2 {The position is equal.} Qxf2+ 13. Kxf2 Nc5 14. Ne2 Bd7 15. Ned4 Nxd4 16. Nxd4 Ke7 17. a3 $146 ({Predecessor:} 17. Rhf1 h5 {½-½ (29) Fischer,W (2449)-Raessler,A (2345) ICCF 2016}) 17... h6 18. Rhe1 Rhc8 19. g4 Rab8 20. Ke3 a5 21. f5 b4 22. axb4 Rxb4 23. Rxa5 Rxb2 24. Ra7 Rb7 25. Rxb7 Nxb7 26. Ra1 Nc5 27. Ra7 Kf8 {[#]} (27... Kd8 $142) 28. h4 (28. Bb5 $1 $16 {[%cal Rb5d7]} Be8 29. c4) 28... Be8 (28... Rb8 $14) 29. Kf4 Kg8 30. g5 hxg5+ 31. hxg5 exf5 32. Bxf5 Rd8 33. e6 fxe6 34. Bxe6+ Kh7 $2 {[%mdl 8192]} ({Black should play} 34... Nxe6+ $14 35. Nxe6 Rd7) 35. Rc7 $18 Na6 36. Bf5+ Kg8 {[#]} 37. Rxg7+ $1 {[%mdl 512]} Kxg7 38. Ne6+ Kf7 {Hoping for ...Rd6.} 39. Nxd8+ {[%mdl 4096] Endgame KBN-KBN} Ke7 40. Ne6 Kd6 41. Nd4 Nc5 (41... Nb8 $142 42. g6 Bxg6 43. Bxg6 Nd7) 42. g6 {White is clearly winning.} Bxg6 43. Bxg6 Na4 44. Bd3 Kc5 45. Ke5 Nc3 46. Ne6+ Kb4 47. Kd4 {Precision: White = 76%, Black = 38%.} 1-0

[Event "BL 2017-18"]
[Site "Germany"]
[Date "2018.05.01"]
[Round "15.10"]
[White "Studer, Noel"]
[Black "Svane, Rasmus"]
[Result "0-1"]
[WhiteElo "2463"]
[BlackElo "2579"]
[Annotator "TA"]
[PlyCount "124"]
[EventDate "2018.05.24"]
[EventType "team-tourn"]
[EventCountry "GER"]
[SourceTitle "playchess.com"]
[Source "ChessBase"]
[SourceQuality "1"]
[WhiteTeam "Bayern Muenchen"]
[BlackTeam "Hamburg SK"]

{[%evp 34,123,8,6,5,14,18,5,8,0,7,0,8,8,17,10,14,0,27,17,23,28,26,21,16,24,34,29,18,24,42,30,45,0,0,0,0,0,0,-24,-25,-25,-25,-34,0,-72,-59,-142,-157,-203,-200,-202,-202,-203,-218,-217,-214,-210,-179,-269,-245,-259,-175,-369,-228,-444,-241,-331,-304,-295,-283,-280,-282,-329,-331,-279,-269,-356,-357,-305,-254,-298,-251,-481,-459,-705,-703,-29984,-29985,-29983,-29984,-29999]} 1. d4 Nf6 2. c4 e6 3. Nf3 d5 4. g3 Bb4+ 5. Bd2 Be7 6. Bg2 O-O 7. O-O c6 8. Qc2 b6 9. Bf4 Nbd7 10. Rd1 Bb7 11. Ne5 Nh5 12. Bc1 Nhf6 13. Bf4 Nh5 {E08: Closed Catalan: Main Line: 7 Qc2} 14. Bd2 Nhf6 {[%cal Bh5f6,Bf6e8,Be8d6,Bd6c4][%mdl 32]} 15. cxd5 cxd5 16. Nc6 Bxc6 17. Qxc6 Rc8 (17... a6 18. a4 Rc8 19. Qb7 Nb8 20. Na3 Qc7 21. Qxc7 Rxc7 {½-½ (52) Cheparinov,I (2710)-Kuzubov,Y (2699) Riadh 2017}) 18. Qb5 {LiveBook: 49 Games} Ne8 19. Qd3 Nd6 20. Nc3 Nf6 21. Be1 {[#]} Qd7 $146 22. e3 Rc7 23. Bf1 Nc4 24. Qe2 Rfc8 25. f3 e5 26. dxe5 Nxe5 27. Kh1 Qe6 28. Nb5 {[%cal Bc3b5,Bb5d4,Bd4f5][%mdl 32]} Rc2 29. Rd2 Rc1 30. Rxc1 Rxc1 31. Nd4 Qc8 32. Rd1 a5 33. Nf5 Bf8 {White must now prevent ...Rxd1.} 34. Rxc1 Qxc1 35. Bc3 Nfd7 36. Kg2 g6 37. Nd4 Nc4 $36 {[%mdl 2048] Black fights for an advantage.} 38. Kf2 Bh6 {[%cal Rh6e3]} 39. f4 {[#]} (39. e4 $1 $11 {keeps the balance.}) 39... Nf6 $1 $17 {Strongly threatening ...Ne4+.} 40. Bg2 {[#]} ({White should play} 40. Kf3 $15 Nxe3 41. Bh3) 40... Nxe3 $1 {[%mdl 512]} 41. Bf3 {[#]} (41. Qxe3 Ng4+) 41... Ne4+ $1 42. Bxe4 Nd1+ 43. Kg2 dxe4 44. Qxe4 Nxc3 45. bxc3 Qxc3 46. Qd5 (46. Ne2 $142 Qd2 47. a4) 46... Qd2+ 47. Kh3 Bf8 48. f5 $2 (48. Qc4) 48... Qg5 49. Qd7 $2 (49. Nf3 Qxf5+ 50. Qxf5 gxf5 51. Kh4) 49... Bc5 (49... Qh6+ $142 50. Kg4 Qh5+ 51. Kf4 Qxh2) 50. fxg6 hxg6 51. Nf3 Qh6+ 52. Kg2 Qe3 53. Qd5 Qe2+ 54. Kh3 Kg7 55. g4 Qf1+ 56. Kg3 Bf2+ 57. Kf4 {intending Qe5+.} Qc1+ 58. Ke5 $2 (58. Nd2) 58... Bc5 $19 59. Qb3 {[#]} (59. Qe4 $142) 59... a4 $1 {[%mdl 512]} 60. Qxa4 Qe3+ {Black mates.} 61. Qe4 Bd6+ $1 62. Kd5 Qc5# {Precision: White = 46%, Black = 72%.} 0-1

[Event "BL 2017-18"]
[Site "Germany"]
[Date "2018.05.01"]
[Round "15.11"]
[White "Huschenbeth, Niclas"]
[Black "Bischoff, Klaus"]
[Result "1-0"]
[WhiteElo "2571"]
[BlackElo "2511"]
[Annotator "TA"]
[PlyCount "41"]
[EventDate "2018.05.24"]
[EventType "team-tourn"]
[EventCountry "GER"]
[SourceTitle "playchess.com"]
[Source "ChessBase"]
[SourceQuality "1"]
[WhiteTeam "Hamburg SK"]
[BlackTeam "Bayern Muenchen"]

{[%evp 14,41,20,18,32,37,24,34,57,36,41,41,40,41,37,20,26,16,18,0,0,-5,67,60,104,115,114,92,651,649]} 1. e4 c5 2. Nf3 e6 3. d4 cxd4 4. Nxd4 Nc6 5. Nc3 a6 6. Nxc6 bxc6 7. Bd3 d5 8. O-O Qc7 {B46: Sicilian: Taimanov: 5 Nc3 a6} (8... Nf6 9. Qf3 Be7 10. Qg3 O-O 11. Bh6 Ne8 12. Bf4 Bh4 13. Qf3 Bg5 14. Na4 Qf6 15. Bxg5 Qxg5 16. Nb6 Rb8 17. Nxc8 Rxc8 18. Bxa6 {1-0 (33) Kramnik,V (2800)-Andreikin,D (2712) Moscow 2018}) 9. Re1 {Threatens to win with exd5.} Bb7 10. Qf3 Nf6 {White is slightly better.} 11. Bg5 Be7 $1 12. e5 Nd7 13. Bxe7 Kxe7 14. Qg3 $36 {[%mdl 2048] White fights for an advantage.} c5 15. b3 {[%cal Bb2b3,Bb3a4][%mdl 32]} h6 $146 ({Predecessor:} 15... h5 16. Qg5+ Kf8 17. Rad1 h4 18. h3 g6 19. f4 Rh5 20. Qg4 Kg7 21. Ne2 Rd8 22. c3 Nb8 23. Rd2 {½-½ (23) Kleiser,G (2229)-Almarza Mato,C (2126) ICCF email 2009}) 16. Na4 Bc6 17. c4 dxc4 (17... d4 $1 $11) 18. Bxc4 $14 Bxa4 19. bxa4 g5 20. Rad1 Nb6 $2 {[%mdl 8192] [#]} (20... Rhb8 $16) 21. Qf3 {Precision: White = 55%, Black = 47%.} 1-0

[Event "BL 2017-18"]
[Site "Germany"]
[Date "2018.05.01"]
[Round "15.12"]
[White "Gabriel, Christian"]
[Black "Lampert, Jonas"]
[Result "0-1"]
[WhiteElo "2509"]
[BlackElo "2532"]
[Annotator "TA"]
[PlyCount "64"]
[EventDate "2018.05.24"]
[EventType "team-tourn"]
[EventCountry "GER"]
[SourceTitle "playchess.com"]
[Source "ChessBase"]
[SourceQuality "1"]
[WhiteTeam "Bayern Muenchen"]
[BlackTeam "Hamburg SK"]

{[%evp 20,64,0,0,16,30,33,21,69,62,82,83,77,39,31,34,35,0,20,14,26,40,68,57,52,-31,-36,-36,-41,-1473,-1412,-958,-710,-710,-709,-687,-687,-683,-662,-629,-558,-526,-525,-513,-509,-603,-546]} 1. c4 e5 2. Nc3 Nf6 3. Nf3 Nc6 4. g3 Bb4 5. Bg2 O-O 6. O-O e4 7. Ng5 Bxc3 8. bxc3 Re8 9. d3 exd3 10. exd3 d6 11. h3 {LiveBook: 4 Games. A29: English Opening: Four Knights Variation with 4 g3} (11. Rb1 h6 12. Ne4 Ne5 13. f3 Rb8 14. Be3 b6 15. Qd2 Nh7 16. g4 f5 17. gxf5 Bxf5 18. Rbe1 Qd7 19. Bd4 {0-1 (36) Danin,A (2519)-Gabrielian,A (2573) Voronezh 2012}) 11... Bf5 12. g4 Bd7 13. Nf3 $146 {White is slightly better.} ({Predecessor:} 13. Bf4 Ne5 14. Bg3 Nfxg4 15. Nxf7 Kxf7 16. d4 Kg8 17. hxg4 Nxg4 18. Bxb7 Rb8 {0-1 (58) Ospennikov,D (2275)-Sairanov,T (2041) Kazan 2016}) 13... Be6 14. Rb1 d5 {[#]} 15. cxd5 $1 Nxd5 16. Qd2 Nb6 17. c4 Qe7 18. Qc3 Rad8 19. Be3 Qd7 20. Ng5 $1 h5 21. gxh5 Bf5 22. Bxb6 (22. h6 $1 $14 Ne5 23. Bf4 (23. Bxb7 Bxd3 24. Rfd1 Qf5 $17)) 22... axb6 $15 23. Bd5 {Strongly threatening h6.} Bxh3 24. Nxf7 $2 {[%mdl 8192]} (24. d4 $15 Qg4+ 25. Qg3 Qxg3+ 26. fxg3 Rxd5 27. cxd5 Bxf1 28. dxc6) 24... Qg4+ $19 {Black is clearly winning.} 25. Kh2 Rxd5 {[%csl Gh3][%cal Rg4g2]} 26. Nh6+ gxh6 {[%csl Gh3][%cal Rg4g2]} 27. Rg1 {[#]} Rxh5 $1 {[%cal Rh3f1]} 28. Rxg4+ Bxg4+ 29. Kg3 Rg5 30. Rg1 Rf8 31. f4 Rg7 32. Qa1 Rf5 {Precision: White = 52%, Black = 33%.} 0-1

[Event "BL 2017-18"]
[Site "Germany"]
[Date "2018.05.24"]
[Round "16.6"]
[White "Adams, Michael"]
[Black "Predojevic, Borki"]
[Result "1/2-1/2"]
[WhiteElo "2701"]
[BlackElo "2630"]
[Annotator "TA"]
[PlyCount "85"]
[EventDate "2018.05.24"]
[EventType "team-tourn"]
[EventCountry "GER"]
[SourceTitle "playchess.com"]
[Source "ChessBase"]
[SourceQuality "1"]
[WhiteTeam "Baden-Baden"]
[BlackTeam "Solingen"]

{[%evp 13,85,0,0,4,1,0,22,22,25,28,30,21,69,0,0,0,0,-19,0,0,0,0,0,-27,-27,-12,-20,-37,0,0,5,2,2,14,22,20,18,28,39,26,29,27,22,26,41,31,62,70,72,65,96,37,49,45,50,0,15,10,12,10,84,-128,74,77,77,70,71,0,0,0,14,0,2,0]} 1. e4 e6 2. d4 d5 3. Nd2 c5 4. exd5 Qxd5 5. Ngf3 cxd4 6. Bc4 Qd8 7. Nb3 {C07: French Tarrasch: 3...c5, 4 Ngf3 and 4 exd5 Qxd5} (7. O-O Nc6 8. Nb3 a6 9. Nbxd4 Nxd4 10. Nxd4 Qc7 11. Bd3 Nf6 12. Re1 Bd6 13. h3 O-O 14. Bg5 Be5 15. c3 h6 16. Nf3 Bxc3 {1-0 (51) Mamedov,R (2709)-Le,Q (2737) Huaian 2017}) 7... Qc7 {LiveBook: 5 Games} 8. Qxd4 {With the idea Bf4.} Nc6 $1 {[%cal Rc6d4]} 9. Qh4 $146 ({Predecessor:} 9. Qe4 Nf6 10. Qe2 a6 11. c3 Bd6 12. Bg5 Ne5 13. Nxe5 Bxe5 14. O-O-O b5 {1-0 (40) Blehm,P (2518)-Kalinitschew,S (2491) Legnica 2000}) 9... Bd6 10. Bd2 Bd7 11. O-O-O Nge7 {[%cal Bg8e7,Be7d5,Bd5c3][%mdl 32]} 12. Kb1 O-O-O 13. Bc3 ({Better is} 13. Qe4 $14) 13... f6 $11 14. Nfd2 Ne5 15. Be2 Nd5 16. Ne4 Nxc3+ 17. Nxc3 {next Qd4 is good for White.} a6 18. Ne4 Be7 19. Qg3 g5 20. Nd4 Ng6 21. Qb3 $36 {[%mdl 2048] White is more active.} Nf4 22. Bc4 {[%cal Rc4e6]} e5 23. Ne6 Nxe6 24. Bxe6 Kb8 25. Bxd7 Rxd7 26. Qe6 Rhd8 27. Rxd7 Rxd7 28. g4 Ka7 29. a3 Bd8 30. f3 Rd4 31. Rc1 Qa5 32. Qf7 (32. Nxf6 $16 Bxf6 33. Qxf6) 32... h6 33. Ka2 Qb6 34. Kb1 Qb5 35. h3 Qe2 36. Qb3 Qg2 (36... Ba5 $11 {remains equal.}) 37. c3 $2 {[#]} (37. Ka2 $16) 37... Rd7 $2 (37... Qxf3 $17 38. Nc5 Rd2) 38. Nc5 Rc7 39. Ne6 {Qd1 is the strong threat.} Rd7 {[#]} 40. Rd1 (40. c4 $1 $16) 40... Rxd1+ {The position is equal.} 41. Qxd1 Bb6 42. Qd5 Qxh3 43. Nc5 {Precision: White = 47%, Black = 50%.} 1/2-1/2

[Event "BL 2017-18"]
[Site "Germany"]
[Date "2018.05.24"]
[Round "16.7"]
[White "Andersen, Mads"]
[Black "Bacrot, Etienne"]
[Result "1/2-1/2"]
[WhiteElo "2597"]
[BlackElo "2714"]
[Annotator "TA"]
[PlyCount "119"]
[EventDate "2018.05.24"]
[EventType "team-tourn"]
[EventCountry "GER"]
[SourceTitle "playchess.com"]
[Source "ChessBase"]
[SourceQuality "1"]
[WhiteTeam "Solingen"]
[BlackTeam "Baden-Baden"]

{[%evp 21,119,0,0,0,22,18,18,29,20,28,18,14,26,-11,0,-98,-98,-98,-97,-95,-84,-92,-89,-86,-63,-141,-143,-172,-181,-182,-163,-275,-276,-242,-241,-201,-225,-292,-284,-276,-217,-217,0,-277,-306,-304,-286,-282,-294,-294,-207,-225,0,-285,0,-231,-227,-225,-214,-166,-102,-112,-134,-133,-115,-103,-103,-103,-103,-129,-110,-114,-107,-149,8,8,8,8,97,97,97,97,104,104,104,104,104,104,104,104,104,104,104,104,104,104,104,104,104,104]} 1. c4 e6 2. g3 d5 3. Bg2 Nf6 4. Nf3 Be7 5. O-O O-O 6. d4 dxc4 7. Ne5 Nc6 8. Nxc6 bxc6 9. Na3 Bxa3 10. bxa3 Ba6 11. Bxc6 {E05: Open Catalan: 5 Nf3 Be7} (11. Qd2 Rb8 12. Qa5 Rb6 13. a4 Qd6 14. Rd1 Nd5 15. e4 Qb4 16. Qxb4 Nxb4 17. Bf4 Nd3 18. Bxc7 Rb2 {0-1 (59) Iturrizaga Bonelli,E (2650)-Dominguez Perez,L (2739) chess.com INT 2018}) 11... Rb8 {LiveBook: 29 Games} 12. Re1 c3 $146 ({Predecessor:} 12... Qd6) 13. Qa4 {The position is equal.} Rb6 14. Bf3 Bb5 15. Qc2 Qxd4 16. Be3 Qc4 17. Bxb6 Ba4 $36 {[%mdl 2048] Black fights for an advantage.} 18. Qc1 (18. Qd3 $11 Qxd3 19. exd3 cxb6 20. Reb1) 18... cxb6 $17 19. Rb1 {Threatens to win with Rb4.} b5 20. Rb4 Qc5 21. Qe3 Qxe3 22. fxe3 Rc8 23. Rc1 ({Better is} 23. Rd4 $1 $15) 23... e5 24. Bg4 Nxg4 25. Rxg4 $19 {[%mdl 4096] Endgame KRR-KRB} a5 26. Rg5 (26. Kf2 $142) 26... f6 27. Rf5 c2 {[%mdl 1024] Black has strong compensation.} 28. e4 Rd8 $1 29. Rff1 Rd4 30. Rf3 Rd1+ (30... Rxe4 31. Kf2 $17) 31. Rf1 Rd4 32. Rf3 $1 Rd2 $1 ({Weaker is} 32... Rxe4 33. Kf2 $17) 33. Rf2 Kf7 34. Kg2 Rd1 35. Rf1 Rd4 36. Rf3 Rd1 37. Rf1 Rd4 38. Rf3 $1 Rxe4 39. Kf2 Rc4 40. Rd3 Ke7 (40... Ke6 $19 41. Ke3 Rc8) 41. Ke3 $17 e4 42. Rd4 {[#]} Rc3+ $1 43. Kd2 Rxa3 44. Rxe4+ Kd6 45. Ra1 b4 {Hoping for ...b3.} 46. Kc1 {[#]} Bb3 $1 {[%mdl 512]} 47. Re8 (47. axb3 Rxa1+) 47... Rxa2 $2 (47... Bxa2 $17 48. Kxc2 Bb3+ 49. Kb1 Rxa1+ 50. Kxa1 Bd5) 48. Rxa2 $11 Bxa2 $17 {KR-KB} 49. Ra8 {White wants to play Ra6+.} Bc4 (49... Bd5 $1 $11 {remains equal.} 50. Ra6+ Bc6) 50. Kxc2 $16 {White is better.} Bxe2 51. Rxa5 Ke7 52. Ra7+ Kf8 53. Kb3 Bg4 54. Kxb4 Be6 55. Kc5 Bb3 56. Kd6 h6 57. Rb7 Ba2 58. Rb2 Bc4 59. h4 Kf7 60. Kc5 {Precision: White = 71%, Black = 65%.} 1/2-1/2

[Event "BL 2017-18"]
[Site "Germany"]
[Date "2018.05.24"]
[Round "16.8"]
[White "Kasimdzhanov, Rustam"]
[Black "Nikolic, Predrag"]
[Result "1-0"]
[WhiteElo "2658"]
[BlackElo "2586"]
[Annotator "TA"]
[PlyCount "77"]
[EventDate "2018.05.24"]
[EventType "team-tourn"]
[EventCountry "GER"]
[SourceTitle "playchess.com"]
[Source "ChessBase"]
[SourceQuality "1"]
[WhiteTeam "Baden-Baden"]
[BlackTeam "Solingen"]

{[%evp 10,77,26,7,24,11,30,7,27,37,37,34,42,38,40,34,38,39,41,45,66,56,62,59,70,51,87,89,98,83,77,75,88,89,97,81,82,95,97,82,89,48,95,68,93,99,122,110,172,179,166,154,164,174,166,166,189,197,204,206,217,217,422,421,500,470,445,477,450,430]} 1. e4 e6 2. d4 d5 3. Nc3 Bb4 4. e5 b6 5. Nf3 Qd7 6. Bd2 {LiveBook: 78 Games} h6 {C16: French: 3 Nc3 Bb4 4 e5: Lines without ...c5} 7. Bb5 c6 8. Ba4 Ba6 $146 {The position is equal.} ({Predecessor:} 8... Bxc3 9. Bxc3 a5 10. a3 Ba6 11. b4 axb4 12. Bxb4 Ne7 13. c3 Qa7 14. Bd6 Bc4 15. Bc2 Qa5 16. Bb4 Qa7 17. Bd6 Qa5 18. Bb4 Qa7 {½-½ (18) Kindermann,S (2500)-Hort,V (2590) Dortmund 1988}) 9. Ne2 Bxd2+ 10. Qxd2 Bxe2 11. Qxe2 Ne7 12. O-O Qb7 13. c3 Qa6 14. Qd1 Nd7 15. Bc2 c5 16. Re1 {[%cal Bf1e1,Be1e3,Be3h3][%mdl 32]} Qb7 17. a4 c4 18. Nd2 Qc7 19. Qf3 Rc8 20. Re3 Nf8 21. Qg4 g6 22. Rh3 Qd8 23. Qe2 Rc7 24. b3 cxb3 25. Bxb3 Nc6 26. Qe3 Na5 27. Bd1 {[%cal Bb3d1,Bd1e2,Be2a6][%mdl 32]} Kd7 28. Be2 Kc8 (28... g5 $16 {keeps fighting.}) 29. Ba6+ Kb8 30. Rxh6 Rxh6 31. Qxh6 Rxc3 32. Nf3 Nd7 33. Qf4 $40 {[%mdl 128] White attacks with force.} Nb3 34. Rd1 Qe7 35. Ng5 Kc7 $2 {[#]} (35... Rc7 36. Bf1 (36. Nxf7 Nxd4 37. Rxd4 Nc5 $14) (36. Qxf7 Qxf7 37. Nxf7 Nxd4 $14) 36... Na5) 36. Nxf7 $18 {White is clearly winning.} Qf8 37. Ng5 Qe7 38. h4 Nb8 39. Bd3 {Precision: White = 74%, Black = 42%.} 1-0